000 01080nam a22003611a 4500
999 _c1685
_d1685
001 019363171
003 UkOxU
005 20230119080542.0
008 120402s2012 enk j 000 f eng|d
015 _aGBB233734
_2bnb
016 7 _a016063058
_2Uk
020 _a9781407130750 (pbk.) :
035 _a(Uk)016063058
040 _aStDuBDS
_beng
_cStDuBDS
_dUk
_dKH8
042 _aukblsr
082 0 4 _a823.92 BRO
_223
100 1 _aBrooke, Lauren.
_eauthor
245 1 4 _aThe new class /
_cLauren Brooke.
250 _aAbridged ed.
260 _aLondon :
_bScholastic,
_c2012.
300 _a1 v. ;
_c20 cm.
336 _atext
_2rdacontent
337 _aunmediated
_2rdamedia
338 _avolume
_2rdacarrier
490 0 _aChestnut Hill ;
_v1
500 _aPrevious ed.: New York: Scholastic, 2005; London: Scholastic, 2006.
500 _aFormerly CIP.
_5Uk
650 0 _aChestnut Hill (Imaginary place)
_vJuvenile fiction.
650 0 _aBoarding schools
_vJuvenile fiction.
650 0 _aHorses
_vJuvenile fiction.
655 0 _aChildren's stories.
942 _2ddc
_cNFIC